Anna Jantar
| Titel: | Anna Jantar : bursztynowa dziewczyna / [oprac. tekstów Małgorzata Guss-Gasińska, Magdalena Makuch] |
|---|---|
| Verfasser: | |
| Beteiligt: | |
| Veröffentlicht: | Warszawa : Murator, 2014 |
| Umfang: | 94, [2] S. : Ill. ; 26 cm |
| Format: | Buch |
| Sprache: | Polnisch |
| Schriftenreihe/ mehrbändiges Werk: |
Super Album ; nr 1/2014 |
| ISBN: | 8363356670 ; 9788363356675 |
| Hinweise zum Inhalt: |
Inhaltsverzeichnis
|
alg: 34714836 001A $03004:03-09-14 001B $01999:12-03-15 $t10:33:39.000 001C $03004:13-11-14 $t13:20:17.000 001D $03004:13-11-14 001U $0utf8 001X $00 002@ $0Aau 003@ $0347148360 004A $083-63356-67-0 004A $A978-83-63356-67-5 007A $0347148360 $aHEB 007G $0DE0209A28A1C025C287BFC1257E05004A5D9F 009P $qapplication/pdf $A2 $3Inhaltsverzeichnis $uhttp://scans.hebis.de/HEBCGI/show.pl?34714836_toc.pdf $mV:DE-603;B:DE-Mb50 010@ $apol 011@ $a2014 021A $a@Anna Jantar $dbursztynowa dziewczyna $h[oprac. tekstów Małgorzata Guss-Gasińska, Magdalena Makuch] 028A $#Gasińska, Małgorzata Guss- $7 $8Guss-Gasińska, Małgorzata [Tn3] $9335032621 028B/01 $7 $8Makuch, Magdalena [Tn3] $9349907951 033A $pWarszawa $nMurator 034D $a94, [2] S. 034I $a26 cm 034M $aIll. 036E $aSuper Album $lnr 1/2014 lok: 34714836 24 exp: 34714836 24 1 #EPN 201B/01 $026-02-15 $t14:37:12.000 201C/01 $003-09-14 201U/01 $0utf8 203@/01 $0739586963 208@/01 $a03-02-15 $bz 209A/01 $a14.10862 $du $f050 $h14 10862 $x00 209C/01 $a14.10862 K $h14 10862 K 209G/01 $a73502420 $x00 220C/01 $awal 244Z/01 $711942617X $8--Tp1--Jantar, Anna$Z1950-1980 $x01 $908776590X 247C/01 $8358050-7Marburg, Bibliothek des Herder-Instituts Marburg $9102600961
| LEADER | 00000cam a2200000 c 4500 | ||
|---|---|---|---|
| 001 | 347148360 | ||
| 003 | DE-603 | ||
| 005 | 20150312103339.0 | ||
| 007 | tu | ||
| 008 | 140903s2014 xx |||| | u00||u|pol c | ||
| 020 | |a 8363356670 | ||
| 020 | |a 9788363356675 | ||
| 035 | |a (DE-599)HEB347148360 | ||
| 040 | |a DE-603 |b ger |c DE-603 |d DE-603 | ||
| 041 | |a pol | ||
| 100 | 1 | |a Guss-Gasińska, Małgorzata |0 (DE-603)335032621 | |
| 245 | 0 | 0 | |a Anna Jantar |b bursztynowa dziewczyna |c [oprac. tekstów Małgorzata Guss-Gasińska, Magdalena Makuch] |
| 264 | 1 | |a Warszawa |b Murator |c 2014 | |
| 300 | |a 94, [2] S. |b Ill. |c 26 cm | ||
| 490 | 0 | |a Super Album |v nr 1/2014 | |
| 700 | 1 | |a Makuch, Magdalena |0 (DE-603)349907951 | |
| 856 | 4 | 2 | |m V:DE-603;B:DE-Mb50 |q application/pdf |u http://scans.hebis.de/HEBCGI/show.pl?34714836_toc.pdf |3 Inhaltsverzeichnis |
| 924 | 0 | |9 Mb 50 |a (DE-603)739586963 |b DE-Mb50 |c HES |d c |g 14.10862 | |


